Les résultats du Psg en ldc 2016-2017 - Statistiques

Statistiques générales
  • Ce quiz a été pris 100 fois
  • Le résultat moyen est 6 sur 8
Statistiques - réponses
Hint Réponse % Correct
Barcelone - Psg 6-1
86%
Psg - Arsenal 1-1
84%
Psg - Barcelone 4-0
84%
Ludogorets - Psg 1-3
68%
Arsenal - Psg 2-2
67%
Bale - Psg 1-2
66%
Psg - Bale 3-0
63%
Psg - Ludogorets 2-2
60%
Aucun quiz correspondant
Distribution des résultats
% des personnes avec chaque résultat
Percentile par nombre de réponses
Votre historique - résultats
Vous n’avez pas pris ce quiz